| 000 | 00723nam a2200253 i 4500 | ||
|---|---|---|---|
| 003 | DO-SdBNP | ||
| 005 | 20250625155245.0 | ||
| 007 | ta | ||
| 008 | 240705s2024 dr 000 0 spa d | ||
| 020 | _a9789945654332 | ||
| 040 |
_aDO-SdBNP _bspa _cBNPHU _erda |
||
| 041 | _aspa | ||
| 082 | 4 |
_axxx _bP649 _222 |
|
| 100 | 1 |
_aPineda, Carlos M., _eautor _4aut. _985965 |
|
| 245 | 1 | 0 |
_aParoxismos de cordura / _cCarlos M. Pineda |
| 264 | 1 |
_aSanto Domingo : _bEditorial Santuario, _c2024. |
|
| 300 |
_a213 páginas ; _c23 cm. |
||
| 336 |
_atexto _btxt _2rdacontent |
||
| 337 |
_asin mediación _bn _2rdamedia |
||
| 338 |
_avolumen _bnc _2rdacarrier |
||
| 590 | _aInventariado, 2024/ YL | ||
| 910 | _aYLockward | ||
| 942 |
_2ddc _cLBS1 |
||
| 999 |
_c57184 _d57184 |
||